| 000 | 00666nam a22001937a 4500 | ||
|---|---|---|---|
| 005 | 20251108164100.0 | ||
| 008 | 250721s1988 xx 000 0 ara d | ||
| 082 | 1 | 4 | _a216,916/فرج |
| 100 | 1 | _aالفرجاني، عمر أحمد | |
| 245 | 1 | 0 | _aأصول العلاقات الدولية في الإسلام / |
| 250 | _aط2. | ||
| 264 | 1 |
_aطرابلس -(لبنان) : _bدار إقرأ للطباعة والترجمة والنشر والخدمات الإعلامية، _c1988. |
|
| 300 | _a200ص | ||
| 650 | 1 | 7 | _aالعلاقات الدولية |
| 650 | 1 | 7 | _aالإسلام |
| 650 | 1 | 7 | _aالأحكام السلطانية |
| 942 |
_2ddc _cBK |
||
| 999 |
_c3130 _d3130 |
||